Statistics for Lou Brock Award Winners

Click here to take the quiz!

General Stats

  • This quiz has been taken 7 times
  • The average score is 13 of 42

Answer Stats

YearBasesPlayers% Correct
198881Vince Coleman
86%
1985110Vince Coleman
86%
1986107Vince Coleman
86%
1987109Vince Coleman
86%
198965Vince Coleman
86%
199077Vince Coleman
86%
198171Tim Raines
57%
198278Tim Raines
57%
198390Tim Raines
57%
198475Tim Raines
57%
200664Jose Reyes
43%
200778Jose Reyes
43%
200560Jose Reyes
43%
200146Juan Pierre
43%
200365Juan Pierre
43%
199439Craig Biggio
29%
201558Dee Gordon
29%
201760Dee Gordon
29%
201464Dee Gordon
29%
200146Jimmy Rollins
29%
199176Marquis Grissom
29%
199278Marquis Grissom
29%
201843Trea Turner
29%
199653Eric Young
14%
201662Jonathan Villar
14%
200062Luis Castillo
14%
200248Luis Castillo
14%
197871Omar Moreno
14%
197977Omar Moreno
14%
198097Ron LeFlore
14%
199358Chuck Carr
0%
201346Eric Young
0%
201244Everth Cabrera
0%
200961Michael Bourn
0%
201052Michael Bourn
0%
201161Michael Bourn
0%
199556Quilvio Veras
0%
200470Scott Posednik
0%
199858Tony Womack
0%
199760Tony Womack
0%
199972Tony Womack
0%
200868Willy Taveras
0%

Score Distribution

Percentile by Number Answered

Percent of People with Each Score

Your Score History

You have not taken this quiz